000 00237nam a22001097a 4500
082 _a808.3 LAW'C
100 _aLAWRENCE, H. L
_979962
245 _aTHE CHILDREN OF LIGHT
260 _aLONDON
_bWORLD
_c1960
300 _a190P
942 _cBK
999 _c584940
_d584940